| 000 | 00828aam a2200301 i 4500 | ||
|---|---|---|---|
| 001 | 768714001 | ||
| 003 | CO-MdFUSB | ||
| 005 | 20250528162133.0 | ||
| 007 | ta | ||
| 008 | 250528t1981 sp ||||| |||| 00| 0 spa d | ||
| 020 | _a84-7228-136-1 | ||
| 040 | _cCO-MdFUSB | ||
| 041 | 0 | _aspa | |
| 082 | 0 | 4 |
_223 _a248.4 _bT4541s |
| 100 | 1 |
_aThomas, W. Ian _eautor |
|
| 245 | 1 | 0 |
_aSi perezco que perezca _c/ W. Ian Thomas ; traducido por Samuel Vila |
| 264 | 1 |
_bClie, _aTerrassa, Barcelona, España : _c[1981] |
|
| 264 | 4 | _c©1981 | |
| 300 | _a118 páginas | ||
| 336 |
_atexto _btxt _2rdacontent |
||
| 337 |
_2rdamedia _asin mediación _bn |
||
| 338 |
_2rdacarrier _avolumen _bnc |
||
| 563 | _aRústico | ||
| 650 | 1 | 0 |
_aVida cristiana _919 |
| 700 |
_aVila, Samuel, _92027 _etraductor |
||
| 942 | _cBK | ||
| 945 | _aElías Tolentino | ||
| 999 |
_c35896 _d35896 |
||